Kırk Hüzünlü Veda (Record no. 4068)

000 -LEADER
fixed length control field 00469nam a22001817a 4500
008 - FIXED-LENGTH DATA ELEMENTS--GENERAL INFORMATION
fixed length control field 200302b ||||| |||| 00| j eng d
020 ## - INTERNATIONAL STANDARD BOOK NUMBER
International Standard Book Number 9944916110
041 ## - LANGUAGE CODE
Language code of text/sound track or separate title Türkçe
050 ## - LIBRARY OF CONGRESS CALL NUMBER
Classification number PL248.T359
100 ## - MAIN ENTRY--PERSONAL NAME
9 (RLIN) 1803
Personal name Taşdemir, Mehmet
245 ## - TITLE STATEMENT
Title Kırk Hüzünlü Veda
250 ## - EDITION STATEMENT
Edition statement 1. Baskı
260 ## - PUBLICATION, DISTRIBUTION, ETC.
Place of publication, distribution, etc. İstanbul:
Name of publisher, distributor, etc. Agora Kitaplığı,
Date of publication, distribution, etc. Mart 2006
300 ## - PHYSICAL DESCRIPTION
Extent 118 Sayfa
500 ## - GENERAL NOTE
General note Türkçe Edebiyat: 19
650 #0 - SUBJECT ADDED ENTRY--TOPICAL TERM
9 (RLIN) 145
Topical term or geographic name entry element Türk Edebiyatı
942 ## - ADDED ENTRY ELEMENTS (KOHA)
Source of classification or shelving scheme
Koha item type Books
Holdings
Withdrawn status Lost status Source of classification or shelving scheme Damaged status Not for loan Permanent Location Current Location Shelving location Date acquired Full call number Barcode Date last seen Price effective from Koha item type
        Ödünç verilemez İmren Ahmet Tüzün Kütüphanesi İmren Ahmet Tüzün Kütüphanesi Ahmet Tüzün 2020-03-02 PL248.T359 100100004369 2020-03-02 2020-03-02 Books

This software was implemented, installed and managed by Devinim Software Training Consulting .